| 000 | 00661cam a2200193 a 4500 | ||
|---|---|---|---|
| 001 | 1684370 | ||
| 005 | 20131010133453.0 | ||
| 008 | 990114s1999 nju b 001 0 eng | ||
| 020 | _a0691007020 (cl. : alk. paper) | ||
| 020 | _a069100711X (pbk. : alk. paper) | ||
| 082 | 0 | 0 |
_a320.15 _221 _bKRA |
| 100 | 1 |
_aKrasner, Stephen D., _d1942- _934073 |
|
| 245 | 1 | 0 |
_aSovereignty : _borganized hypocrisy / _cStephen D. Krasner. |
| 260 |
_aPrinceton, N.J. : _bPrinceton University Press, _cc1999. |
||
| 300 |
_a264 p. ; _c24 cm. |
||
| 504 | _aIncludes bibliographical references (p. [239]-254) and index. | ||
| 650 | 0 |
_aSovereignty. _934074 |
|
| 942 |
_2ddc _cBB _k320.15 KRA |
||
| 999 |
_c17643 _d17615 |
||